Statistics for Vocabulary Words Ending in Silent T

Click here to take the quiz!

General Stats

  • This quiz has been taken 6,023 times
    (6,011 since last reset)
  • The average score is 12 of 21

Answer Stats

Definition Word % Correct
A person employed to park carsValet
89%
A type of choreographed dancing,
supposed to be very graceful
Ballet
87%
An arranged bunch of flowersBouquet
86%
Snail meatEscargot
84%
A stereotypically French hatBeret
84%
A lawn game where balls are struck
with mallets and driven through wickets
Croquet
84%
A method of serving meals where
diners get up and serve themselves
Buffet
82%
A method of fabric-making,
similar to knitting, using a hook
Crochet
80%
A type of playing card used for fortune-tellingTarot
80%
A type of Swiss mountain cottageChalet
67%
A fleshy, boneless cut of meat
from an animal's loins or ribs
Fillet
67%
The first public appearance of a person or showDebut
66%
A person who appreciates fine foodGourmet
53%
A dark blue wine grape used in BordeauxMerlot
36%
A type of entertainment where
the audience sit at tables and eat
Cabaret
28%
The final part of a play,
in which the plotlines are resolved
Denouement
20%
Having the respect of others
(e.g. a valued brand name)
Cachet
18%
A nicknameSobriquet
16%
A place for storing large amounts of equipmentDepot
15%
A relationship involving
mutual understanding
Rapport
8%
The reestablishment of good relations
(e.g. between two countries)
Rapprochement
6%

Score Distribution

Percentile by Number Answered

Percent of People with Each Score

Your Score History

You have not taken this quiz since the last reset